000 00546nam a22001817a 4500
003 NUST - PNEC
005 20170116181136.0
008 151007b xxu||||| |||| 00| 0 eng d
020 _a0133716422
040 _cLIBRARY
082 _a697.93 MAH
100 _914281
_aMahoney, Edward F.
245 _aElectricity for air conditioning and refrigeration technicians
_cEdward F. Mahoney
250 _aFourth Edition
260 _cc.1980
650 _914285
_aRefrigeration and refrigerating machinery--Electric equipment
_xEE
942 _2ddc
_cBK
999 _c70223
_d70223